The sociology of crime and deviance : (Record no. 16969)

MARC details
000 -LEADER
fixed length control field 02865nam a2200361 a 4500
001 - CONTROL NUMBER
control field 3081300
003 - CONTROL NUMBER IDENTIFIER
control field OSt
005 - DATE AND TIME OF LATEST TRANSACTION
control field 20211105150704.0
008 - FIXED-LENGTH DATA ELEMENTS--GENERAL INFORMATION
fixed length control field 950823s1995 enk b 000 0 eng d
010 ## - LIBRARY OF CONGRESS CONTROL NUMBER
LC control number 97189287
015 ## - NATIONAL BIBLIOGRAPHY NUMBER
National bibliography number GB96-11959
020 ## - INTERNATIONAL STANDARD BOOK NUMBER
International Standard Book Number 1874529523
035 ## - SYSTEM CONTROL NUMBER
System control number (OCoLC)33027559
040 ## - CATALOGING SOURCE
Original cataloging agency UkCoU
Transcribing agency hu
Modifying agency DLC
042 ## - AUTHENTICATION CODE
Authentication code lccopycat
050 00 - LIBRARY OF CONGRESS CALL NUMBER
Classification number HV6025
Item number .S573 1995
082 00 - DEWEY DECIMAL CLASSIFICATION NUMBER
Classification number 364
Edition number 21
245 04 - TITLE STATEMENT
Title The sociology of crime and deviance :
Remainder of title selected issues /
Statement of responsibility, etc. edited by Susan Caffrey with Gary Mundy.
260 ## - PUBLICATION, DISTRIBUTION, ETC.
Place of publication, distribution, etc. Dartford, Kent, U.K. :
Name of publisher, distributor, etc. Greenwich University Press ;
Place of publication, distribution, etc. [New York] :
Name of publisher, distributor, etc. Distributed in North America by New York University Press,
Date of publication, distribution, etc. 1995.
300 ## - PHYSICAL DESCRIPTION
Extent xiii, 503 p. :
Other physical details ill. ;
Dimensions 25 cm.
440 #0 - SERIES STATEMENT/ADDED ENTRY--TITLE
Title Greenwich readers ;
Volume/sequential designation 6
9 (RLIN) 16840
500 ## - GENERAL NOTE
General note Distributor statement from label mounted on p. [4] of cover.
504 ## - BIBLIOGRAPHY, ETC. NOTE
Bibliography, etc. note Includes bibliographies.
505 00 - FORMATTED CONTENTS NOTE
Title Criminalizing assault : the failure of the 'offence against society' model /
Statement of responsibility Antonia Cretney ... [et al.] --
Title Crime statistics, patterns, and trends : changing perceptions and their implications /
Statement of responsibility Mike Maguire --
Title Counting crimes : bending and fiddling the account /
Statement of responsibility Malcolm Young --
Title Understanding female criminality /
Statement of responsibility Frances Heidensohn --
Title Everyday life and symbolic creativity /
Statement of responsibility Paul Willis --
Title Violence and sexuality /
Statement of responsibility Tony Eardley --
Title Women, property and rape /
Statement of responsibility Lorenne Clark and Debra Lewis --
Title The structure of sexual relations /
Statement of responsibility Sue Lees --
Title Preventing domestic violence to women /
Statement of responsibility Rebecca Morley and Audrey Mullender --
Title Deviance and moral panics /
Statement of responsibility Stanley Cohen --
Title The interpretation of violence /
Statement of responsibility Philip Schlesinger --
Title Mugging as a moral panic : a question of proportion /
Statement of responsibility Peter Waddington --
Title Folk devils fight back /
Statement of responsibility Angela McRobbie --
Title The drift to military policing /
Statement of responsibility John Lea and Jock Young --
Title Black youth, crime and the ghetto : common sense images and law and order /
Statement of responsibility John Solomos --
Title Public perception and contact with police /
Statement of responsibility Trevor Jones, Brian Maclean and Jock Young --
Title Justice and symbolic interaction /
Statement of responsibility Stephen Hester and Peter Eglin --
Title Creation of the modern prison in England and Europe (1500-1850) /
Statement of responsibility Dario Melossi and Massimo Pavarini --
Title The trend-setter /
Statement of responsibility Nils Christie --
Title Crime control as a product /
Statement of responsibility Nils Christie --
Title Public imprisonment by private means : the re-emergence of private prisons and jails in the United States, the United Kingdom, and Australia /
Statement of responsibility Douglas C. McDonald --
Title Visions of order /
Statement of responsibility Stanley Cohen.
650 #0 - SUBJECT ADDED ENTRY--TOPICAL TERM
Topical term or geographic name entry element Crime.
9 (RLIN) 17110
650 #0 - SUBJECT ADDED ENTRY--TOPICAL TERM
Topical term or geographic name entry element Criminal behavior.
9 (RLIN) 17111
650 #0 - SUBJECT ADDED ENTRY--TOPICAL TERM
Topical term or geographic name entry element Deviant behavior.
9 (RLIN) 17112
700 1# - ADDED ENTRY--PERSONAL NAME
Personal name Caffrey, Susan.
9 (RLIN) 17113
700 1# - ADDED ENTRY--PERSONAL NAME
Personal name Mundy, Gary.
9 (RLIN) 17114
906 ## - LOCAL DATA ELEMENT F, LDF (RLIN)
a 7
b cbc
c copycat
d 2
e ncip
f 19
g y-gencatlg
942 ## - ADDED ENTRY ELEMENTS (KOHA)
Source of classification or shelving scheme Dewey Decimal Classification
Koha item type Books like text book referance book
Suppress in OPAC No
Holdings
Withdrawn status Lost status Source of classification or shelving scheme Damaged status Not for loan Home library Current library Shelving location Date acquired Total Checkouts Full call number Barcode Date last seen Copy number Price effective from Koha item type
    Dewey Decimal Classification     Social Library Social Library General Stacks 11/05/2021   361.1/soc SHLIB 00002858 11/05/2021 c1 11/05/2021 Books like text book referance book
    Dewey Decimal Classification     Social Library Social Library General Stacks 11/05/2021   361.1/soc SHLIB 00002859 11/05/2021 c2 11/05/2021 Books like text book referance book